| 000 | 00445nam a22001457a 4500 | ||
|---|---|---|---|
| 003 | LK-CoMWRAF | ||
| 005 | 20240205210700.0 | ||
| 008 | 240205b |||||||| |||| 00| 0 eng d | ||
| 020 | _a9789550249138 | ||
| 040 |
_aLK-CoMWRAF _dLK-CoMWRAF _eLK-CoMWRAF |
||
| 041 | _aeng | ||
| 245 | _aSri Lanka Law Directory on protection of women and girl children | ||
| 260 |
_aNugegoda : _bMinistry of child development and women's affairs, _c2012 |
||
| 942 | _cBK | ||
| 999 |
_c4728 _d4728 |
||